[Event "Ivy League Chess Challenge"]
[Site "Toronto CAN"]
[Date "2018.11.10"]
[Round "3"]
[White "Larson, Matthew"]
[Black "Bellissimo, Joseph"]
[Result "1-0"]
[WhiteElo "2408"]
[BlackElo "2121"]
[PlyCount "131"]
[EventDate "2018.11.09"]
[EventType "team"]
[EventRounds "5"]
[EventCountry "CAN"]
[WhiteTeam "Yale"]
[BlackTeam "Toronto-A"]

1. d4 Nf6 2. c4 e6 3. g3 d5 4. Nf3 Be7 5. Bg2 O-O 6. O-O c5 7. cxd5 exd5 8. Nc3
b6 9. Bf4 Bb7 10. Rc1 Na6 11. Ne5 Nc7 12. dxc5 bxc5 13. Qa4 Ne6 14. Rfd1 Nxf4
15. gxf4 Qb6 16. Nd7 Nxd7 17. Qxd7 Bf6 18. Na4 Qb4 19. Nxc5 Bc8 20. Qxd5 Rb8
21. Nd3 Qe7 22. Qe4 Be6 23. b3 Qa3 24. Nc5 Rfc8 25. f5 Rxc5 26. Rxc5 Qxc5 27.
fxe6 fxe6 28. Qxe6+ Kh8 29. Qe4 Rf8 30. Bf3 Qg5+ 31. Kh1 g6 32. Qb4 Bg7 33. Rd5
Qf6 34. Kg2 Re8 35. Qa4 Re5 36. Rxe5 Qxe5 37. Qc4 Bf6 38. e3 Qg5+ 39. Kf1 Qf5
40. Kg2 Qg5+ 41. Kf1 Qf5 42. Qf7 Qd3+ 43. Kg2 Qd8 44. Bd5 a5 45. Kf1 Be5 46. h3
Qc8 47. Kg2 Qd8 48. Qe6 Bf6 49. Qf7 Be5 50. a3 Bc3 51. Kf1 Qc8 52. Kg2 Qd8 53.
Kg1 Qc8 54. b4 axb4 55. axb4 Qd8 56. b5 Ba5 57. h4 Bc3 58. b6 Qc8 59. Be6 Qd8
60. Qc7 Bf6 61. h5 gxh5 62. Bf5 Qg8+ 63. Kf1 Bd8 64. Qd6 Qc4+ 65. Bd3 Qg8 66.
Qd4+ 1-0

[Event "Ivy League Chess Challenge"]
[Site "Toronto CAN"]
[Date "2018.11.10"]
[Round "3"]
[White "Li, Ethan"]
[Black "Zhou, Qiyu"]
[Result "1/2-1/2"]
[WhiteElo "2248"]
[BlackElo "2207"]
[PlyCount "54"]
[EventDate "2018.11.09"]
[EventType "team"]
[EventRounds "5"]
[EventCountry "CAN"]
[WhiteTeam "Princeton"]
[BlackTeam "Toronto-B"]

1. d4 Nf6 2. Nf3 e6 3. e3 d5 4. Bd3 b6 5. b3 Bd6 6. Bb2 O-O 7. O-O Bb7 8. Ne5
c5 9. Nd2 Nc6 10. a3 Rc8 11. f4 Ne7 12. Qe2 Ne4 13. Nxe4 dxe4 14. Bc4 Nf5 15.
Rfd1 cxd4 16. exd4 Qh4 17. Rf1 Rfe8 18. Qe1 f6 19. Qxh4 Nxh4 20. Ng4 b5 21.
Bxb5 Rxc2 22. Ne3 Rxb2 23. Bxe8 Ba6 24. Rab1 Re2 25. Rfe1 Ra2 26. Ra1 Rb2 27.
Rab1 Ra2 1/2-1/2

[Event "Ivy League Chess Challenge"]
[Site "Toronto CAN"]
[Date "2018.11.10"]
[Round "3"]
[White "Martinez, Isaac"]
[Black "Nasir, Zehn"]
[Result "1-0"]
[WhiteElo "2127"]
[BlackElo "2081"]
[PlyCount "115"]
[EventDate "2018.11.09"]
[EventType "team"]
[EventRounds "5"]
[EventCountry "CAN"]
[WhiteTeam "Princeton"]
[BlackTeam "Toronto-B"]

1. c4 c6 2. Nf3 Nf6 3. Nc3 d5 4. e3 e6 5. b3 Nbd7 6. Bb2 Be7 7. Be2 O-O 8. Qc2
Qa5 9. O-O b6 10. a3 dxc4 11. bxc4 Bb7 12. d4 c5 13. Nb5 Rac8 14. Bc3 Qa6 15.
Nd2 Bc6 16. a4 Qb7 17. f3 Qb8 18. Rfb1 Rfd8 19. Nf1 cxd4 20. exd4 a6 21. Na3
Qf4 22. Kh1 Bd6 23. Qb3 g5 24. Bd2 Qxd4 25. Bxg5 Qe5 26. Be3 Nh5 27. Nc2 Nf4
28. Bxf4 Qxf4 29. Rd1 Bc5 30. Nb4 Ne5 31. Nxc6 Nxc6 32. Bd3 Nd4 33. Qb2 Rd6 34.
Ng3 Rcd8 35. Rf1 Qh4 36. Rad1 e5 37. Ne4 Nf5 38. Qxe5 Ne3 39. g3 Qh6 40. Nxd6
Bxd6 41. Qe4 Bxg3 42. Qxh7+ Qxh7 43. Bxh7+ Kxh7 44. Rxd8 Nxf1 45. hxg3 Nxg3+
46. Kg2 Nf5 47. Kf2 Kg7 48. Rb8 Nd6 49. Rxb6 Nxc4 50. Rxa6 Kf8 51. Rc6 Ne5 52.
Rc7 Ke8 53. Ke3 Kd8 54. Ra7 Kc8 55. Ke4 f6 56. f4 Nc4 57. Kf5 Kb8 58. Rh7 1-0

[Event "Ivy League Chess Challenge"]
[Site "Toronto CAN"]
[Date "2018.11.10"]
[Round "3"]
[White "Vishwanathan, Ram"]
[Black "Lei, Sean"]
[Result "1/2-1/2"]
[WhiteElo "1893"]
[BlackElo "1876"]
[PlyCount "113"]
[EventDate "2018.11.09"]
[EventType "team"]
[EventRounds "5"]
[EventCountry "CAN"]
[WhiteTeam "Yale"]
[BlackTeam "Toronto-A"]

1. e4 d6 2. d4 Nf6 3. Nc3 Nbd7 4. Nf3 e5 5. Bc4 Be7 6. O-O O-O 7. Re1 c6 8. a4
b6 9. h3 a6 10. Ba2 Qc7 11. Be3 exd4 12. Nxd4 Nc5 13. Qf3 Be6 14. b4 Bxa2 15.
Rxa2 Ne6 16. Nf5 Rfe8 17. a5 b5 18. Bb6 Qb7 19. Qd3 d5 20. exd5 cxd5 21. Rb2
Rac8 22. Ne2 Bf8 23. Rbb1 Nd7 24. Bd4 Nxd4 25. Nfxd4 Ne5 26. Qg3 Nc4 27. Nf4
Nd2 28. Nh5 Ne4 29. Qg4 Kh8 30. Re3 g6 31. Nf4 Bg7 32. Rd1 f5 33. Qe2 Rc4 34.
Nde6 Nc3 35. Rxc3 Bxc3 36. Qf3 Be5 37. g3 Re4 38. Nc5 Qc6 39. Nxd5 Rd4 40. Rxd4
Bxd4 41. Nb3 Bg7 42. Kg2 Qxc2 43. Nc5 Qd2 44. Nc7 Rd8 45. N7e6 Qxb4 46. Qb7 Rg8
47. Qxa6 Bc3 48. Qd6 Qxa5 49. Ng5 Qa8+ 50. Kh2 Qe8 51. Nce6 Bf6 52. Qc7 Rg7 53.
Nxg7 Bxg7 54. h4 h6 55. Nh3 Kh7 56. Qb6 Be5 57. Qb7+ 1/2-1/2

[Event "Ivy League Chess Challenge"]
[Site "Toronto CAN"]
[Date "2018.11.10"]
[Round "3"]
[White "Webster, Kyle"]
[Black "Hu, Bryan"]
[Result "0-1"]
[WhiteElo "1902"]
[BlackElo "2240"]
[PlyCount "49"]
[EventDate "2018.11.09"]
[EventType "team"]
[EventRounds "5"]
[EventCountry "CAN"]
[WhiteTeam "Michigan"]
[BlackTeam "Harvard"]

1. e4 e5 2. Nc3 Nf6 3. f4 d5 4. fxe5 Nxe4 5. Nf3 Be7 6. d3 Nxc3 7. bxc3 O-O 8.
Be2 c5 9. d4 Nc6 10. O-O Be6 11. Rb1 b6 12. Qe1 Kh8 13. Qg3 Rc8 14. Bd3 h6 15.
h4 c4 16. Bxh6 Rg8 17. Ng5 cxd3 18. Rxf7 Bxg5 19. hxg5 gxh6 20. Rf6 Rxg5 21.
Rxh6+ Kg7 22. Qh2 Bf5 23. Rf1 Be4 24. g3 Nxd4 25. Rhf6 0-1

[Event "Ivy League Chess Challenge"]
[Site "Toronto CAN"]
[Date "2018.11.10"]
[Round "3"]
[White "Xu, Haizhou"]
[Black "Balleisen, Aaron"]
[Result "0-1"]
[WhiteElo "2116"]
[BlackElo "2195"]
[PlyCount "90"]
[EventDate "2018.11.09"]
[EventType "team"]
[EventRounds "5"]
[EventCountry "CAN"]
[WhiteTeam "Toronto-B"]
[BlackTeam "Princeton"]

1. Nf3 Nf6 2. g3 b6 3. Bg2 Bb7 4. O-O g6 5. d3 Bg7 6. e4 O-O 7. a4 c5 8. Re1
Nc6 9. c3 Rc8 10. Nbd2 d6 11. Nc4 Nd7 12. Bf4 Nde5 13. Qd2 Qd7 14. Red1 Nxc4
15. dxc4 Na5 16. Qd3 Ba6 17. Nd2 Qe6 18. Bf1 Rfd8 19. b3 Qf6 20. Rac1 g5 21.
Be3 Nc6 22. Qe2 Ne5 23. f4 gxf4 24. gxf4 Ng6 25. Bh3 Nxf4 26. Bxf4 Qxf4 27.
Bxc8 Bxc8 28. Rf1 Qh6 29. Qf2 Kh8 30. Qf4 Qxf4 31. Rxf4 Bh6 32. Rcf1 Rg8+ 33.
Kh1 Bh3 34. R1f2 Bxf4 35. Rxf4 Bg2+ 36. Kg1 Bxe4+ 37. Kf1 Bd3+ 38. Kf2 f5 39.
Nf1 e5 40. Rh4 Bxf1 41. Kxf1 Rg4 42. Rh5 Kg7 43. Rh3 e4 44. Re3 h5 45. Re1 Kf6
0-1

[Event "Ivy League Chess Challenge"]
[Site "Toronto CAN"]
[Date "2018.11.10"]
[Round "3"]
[White "Yang, Darwin"]
[Black "Shetty, Atulya"]
[Result "1/2-1/2"]
[WhiteElo "2488"]
[BlackElo "2395"]
[PlyCount "27"]
[EventDate "2018.11.09"]
[EventType "team"]
[EventRounds "5"]
[EventCountry "CAN"]
[WhiteTeam "Harvard"]
[BlackTeam "Michigan"]

1. d4 d5 2. c4 c6 3. Nf3 Nf6 4. e3 g6 5. Nbd2 Bg7 6. b4 O-O 7. Bb2 Bf5 8. Be2
Ne4 9. O-O Nd7 10. Qb3 Bg4 11. Bd3 Bf5 12. Be2 Bg4 13. Bd3 Bf5 14. Be2 1/2-1/2

[Event "Ivy League Chess Challenge"]
[Site "Toronto CAN"]
[Date "2018.11.10"]
[Round "4"]
[White "Balleisen, Aaron"]
[Black "Vishwanathan, Ram"]
[Result "1/2-1/2"]
[WhiteElo "2195"]
[BlackElo "1893"]
[PlyCount "76"]
[EventDate "2018.11.09"]
[EventType "team"]
[EventRounds "5"]
[EventCountry "CAN"]
[WhiteTeam "Princeton"]
[BlackTeam "Yale"]

1. c4 e6 2. Nf3 d5 3. d4 Nf6 4. g3 Be7 5. Bg2 O-O 6. O-O dxc4 7. Qc2 a6 8. Qxc4
b5 9. Qc2 Bb7 10. Bd2 Be4 11. Qc1 c6 12. Rd1 Nbd7 13. Nc3 Bg6 14. Bg5 Rc8 15.
Qd2 b4 16. Na4 Qa5 17. Bxf6 Nxf6 18. b3 Ne4 19. Qe3 c5 20. dxc5 Nc3 21. Rd2
Nxa4 22. bxa4 Bxc5 23. Qb3 Bb6 24. a3 Qc5 25. axb4 Qxf2+ 26. Kh1 Be4 27. e3
Qxe3 28. Qxe3 Bxe3 29. Re2 Bxf3 30. Bxf3 Bd4 31. Rb1 Rc3 32. Bb7 Ra3 33. a5 Rb8
34. Rc2 Kf8 35. Rc8+ Rxc8 36. Bxc8 Ra1 37. Rxa1 Bxa1 38. Bxa6 Bc3 1/2-1/2

[Event "Ivy League Chess Challenge"]
[Site "Toronto CAN"]
[Date "2018.11.10"]
[Round "4"]
[White "Chandran, Kapil"]
[Black "Larson, Matthew"]
[Result "1-0"]
[WhiteElo "2393"]
[BlackElo "2408"]
[PlyCount "71"]
[EventDate "2018.11.09"]
[EventType "team"]
[EventRounds "5"]
[EventCountry "CAN"]
[WhiteTeam "Princeton"]
[BlackTeam "Yale"]

1. e4 c5 2. Nf3 d6 3. d4 cxd4 4. Nxd4 Nf6 5. Nc3 a6 6. h3 e6 7. g4 d5 8. exd5
Nxd5 9. Nde2 Bd6 10. Nxd5 exd5 11. Bg2 h5 12. Qxd5 Nc6 13. Bg5 Qc7 14. O-O-O
Nb4 15. Qe4+ Be6 16. a3 Nc6 17. Bf4 O-O-O 18. Bxd6 Rxd6 19. Rxd6 Qxd6 20. Nf4
Rd8 21. Nxe6 fxe6 22. gxh5 Kb8 23. Kb1 e5 24. Re1 Rf8 25. Qe2 Rf5 26. Be4 Nd4
27. Qg4 Rf7 28. Bd3 Nf3 29. Re2 Nd4 30. Re3 Qc7 31. Qg3 Nf5 32. Bxf5 Rxf5 33.
Rf3 Rxh5 34. Rf8+ Ka7 35. Qe3+ Qb6 36. Ra8+ 1-0

[Event "Ivy League Chess Challenge"]
[Site "Toronto CAN"]
[Date "2018.11.10"]
[Round "4"]
[White "Fabbri, Alexander R"]
[Black "Li, Ethan"]
[Result "0-1"]
[WhiteElo "2248"]
[BlackElo "2067"]
[PlyCount "116"]
[EventDate "2018.11.09"]
[EventType "team"]
[EventRounds "5"]
[EventCountry "CAN"]
[WhiteTeam "Yale"]
[BlackTeam "Princeton"]

1. Nf3 d5 2. g3 Bg4 3. Bg2 Nf6 4. O-O Nbd7 5. d4 e6 6. Nbd2 Be7 7. Re1 O-O 8.
e4 dxe4 9. Nxe4 Nxe4 10. Rxe4 Nf6 11. Re1 c5 12. h3 Bxf3 13. Bxf3 cxd4 14. Bxb7
Rb8 15. Ba6 Nd5 16. a3 Bf6 17. Bd3 a5 18. b3 Qb6 19. Qf3 Rfd8 20. Qe4 g6 21. h4
Bg7 22. h5 Nf6 23. Qh4 Nxh5 24. g4 Nf6 25. Bf4 Nd5 26. Bxb8 Rxb8 27. Qh2 Bf8
28. Re4 Nf6 29. Kg2 Nxe4 30. Bxe4 h6 31. Qf4 Qd6 32. Qf3 Rb5 33. b4 axb4 34.
axb4 Rxb4 35. Ra7 Be7 36. Qd3 Kg7 37. Qf3 Rc4 38. Bd3 Rc7 39. Ra6 Qe5 40. Ra1
Bd6 41. Ra4 Rc3 42. Ra7 Rc7 43. Ra4 Rc3 44. Ra7 Bc7 45. Ra8 Qh2+ 46. Kf1 Qf4
47. Qb7 Qxg4 48. Qc8 Kf6 49. Ra7 Qf4 50. Qh8+ Kg5 51. Qe8 Kh4 52. Qe7+ g5 53.
Ra4 Rxd3 54. cxd3 Qc1+ 55. Ke2 Qc2+ 56. Ke1 Bf4 57. Ra7 Qd2+ 58. Kf1 Kh3 0-1

[Event "Ivy League Chess Challenge"]
[Site "Toronto CAN"]
[Date "2018.11.10"]
[Round "4"]
[White "Fu, James"]
[Black "Bora, Safal"]
[Result "1/2-1/2"]
[WhiteElo "2061"]
[BlackElo "2392"]
[PlyCount "100"]
[EventDate "2018.11.09"]
[EventType "team"]
[EventRounds "5"]
[EventCountry "CAN"]
[WhiteTeam "Toronto-A"]
[BlackTeam "Michigan"]

1. e4 e5 2. Nf3 Nc6 3. Bc4 Bc5 4. d3 Nf6 5. Bg5 h6 6. Bh4 g5 7. Bg3 d6 8. c3
Be6 9. Nbd2 Qd7 10. a4 a5 11. Bb5 Qe7 12. d4 exd4 13. cxd4 Bb4 14. O-O Bd7 15.
e5 dxe5 16. Nxe5 Nxe5 17. dxe5 Nd5 18. Bxd7+ Qxd7 19. Ne4 O-O-O 20. Nd6+ Bxd6
21. exd6 c6 22. Qd4 b6 23. b4 axb4 24. a5 b5 25. Rfc1 Kb7 26. Rc5 Rc8 27. f3
Rhe8 28. a6+ Ka8 29. Rxd5 cxd5 30. Qxd5+ Rc6 31. Rc1 Rec8 32. Re1 b3 33. Qxb3
Rc1 34. Qd5+ Qc6 35. Rxc1 Qxd5 36. Rxc8+ Ka7 37. d7 Qd1+ 38. Kf2 Qd2+ 39. Kf1
Qd3+ 40. Ke1 Qe3+ 41. Kd1 Qd3+ 42. Kc1 Qe3+ 43. Kc2 Qe2+ 44. Kc3 Qe3+ 45. Kb4
Qd4+ 46. Kb3 Qd3+ 47. Ka2 Qd2+ 48. Kb1 Qd1+ 49. Kb2 Qd2+ 50. Rc2 Qd1 1/2-1/2

[Event "Ivy League Chess Challenge"]
[Site "Toronto CAN"]
[Date "2018.11.10"]
[Round "4"]
[White "Heimann, Mark"]
[Black "Lei, Sean"]
[Result "1-0"]
[WhiteElo "2368"]
[BlackElo "1876"]
[PlyCount "95"]
[EventDate "2018.11.09"]
[EventType "team"]
[EventRounds "5"]
[EventCountry "CAN"]
[WhiteTeam "Michigan"]
[BlackTeam "Toronto-A"]

1. e4 d6 2. d4 Nf6 3. Nc3 Nbd7 4. Nf3 e5 5. Bc4 Be7 6. O-O O-O 7. Re1 c6 8. a4
b6 9. d5 cxd5 10. Bxd5 Nxd5 11. Nxd5 Nf6 12. Nxf6+ Bxf6 13. Ra3 Bg4 14. h3 Bxf3
15. Rxf3 Bg5 16. Bxg5 Qxg5 17. Rd3 Rfd8 18. Rxd6 Rxd6 19. Qxd6 Rd8 20. Qc7 Qd2
21. Re3 f6 22. Rg3 Qd7 23. Qc4+ Qf7 24. Qc6 Kf8 25. Rd3 Rxd3 26. cxd3 Qb3 27.
Qa8+ Kf7 28. Qxa7+ Kg6 29. Qd7 Qxb2 30. g3 h6 31. Kg2 Qc2 32. Qb5 Kh7 33. h4 h5
34. Qe8 Qd1 35. Qd7 Kh6 36. Qb5 Qc2 37. Qxb6 Qxa4 38. Qe3+ Kg6 39. Qe2 Kh6 40.
f4 Qd4 41. Qd2 Kh7 42. fxe5 fxe5 43. Qg5 Qb2+ 44. Kf3 g6 45. Qe7+ Kh6 46. Qf8+
Kh7 47. Qf7+ Kh6 48. Qg8 1-0

[Event "Ivy League Chess Challenge"]
[Site "Toronto CAN"]
[Date "2018.11.10"]
[Round "4"]
[White "Krishnan, Varun"]
[Black "Nasir, Zehn"]
[Result "1-0"]
[WhiteElo "2253"]
[BlackElo "2081"]
[PlyCount "87"]
[EventDate "2018.11.09"]
[EventType "team"]
[EventRounds "5"]
[EventCountry "CAN"]
[WhiteTeam "Harvard"]
[BlackTeam "Toronto-B"]

1. e4 c6 2. d4 d5 3. e5 Bf5 4. h4 h5 5. Bd3 Bxd3 6. Qxd3 e6 7. Bg5 Qb6 8. Nd2
Ne7 9. Ne2 Nf5 10. c4 Nd7 11. b3 Be7 12. Nf3 Qa5+ 13. Nc3 Bb4 14. Bd2 Qa6 15.
a3 Nb6 16. Ne2 Be7 17. Rc1 Qxa3 18. c5 Nc4 19. Qc3 Nxd2 20. Kxd2 Qa2+ 21. Rc2
Qa6 22. Ra1 Qxa1 23. Qxa1 Nxh4 24. Nxh4 Bxh4 25. g3 Be7 26. Rc1 a6 27. Qc3
O-O-O 28. b4 h4 29. g4 Rh7 30. Qh3 g5 31. Rf1 Rf8 32. Kc2 f5 33. exf6 Rxf6 34.
f4 Rhf7 35. f5 Rf8 36. Ng1 exf5 37. Rxf5 Rxf5 38. gxf5 Bf6 39. Nf3 Re8 40. Ne5
Bxe5 41. f6+ Kd8 42. dxe5 Rxe5 43. Qh2 Re8 44. Qd6+ 1-0

[Event "Ivy League Chess Challenge"]
[Site "Toronto CAN"]
[Date "2018.11.10"]
[Round "4"]
[White "Shetty, Atulya"]
[Black "Bellissimo, Joseph"]
[Result "1-0"]
[WhiteElo "2395"]
[BlackElo "2121"]
[PlyCount "115"]
[EventDate "2018.11.09"]
[EventType "team"]
[EventRounds "5"]
[EventCountry "CAN"]
[WhiteTeam "Michigan"]
[BlackTeam "Toronto-A"]

1. c4 e5 2. g3 Nf6 3. Bg2 d5 4. cxd5 Nxd5 5. Nc3 Nb6 6. Nf3 Nc6 7. O-O Be7 8.
a3 a5 9. d3 a4 10. Be3 Be6 11. Bxb6 cxb6 12. Nxa4 e4 13. Ne1 e3 14. fxe3 Bg5
15. Bxc6+ bxc6 16. Ng2 Bh3 17. Nc3 Bxg2 18. Kxg2 Bxe3 19. Rf3 Qe7 20. Qc2 O-O
21. Ne4 Bd4 22. e3 Be5 23. d4 Bd6 24. Qxc6 Rac8 25. Qd5 Rfd8 26. Nxd6 Rxd6 27.
Qf5 Qb7 28. Raf1 Rf6 29. Qd3 Rh6 30. d5 Rh5 31. e4 Qd7 32. h4 f6 33. Rf5 Rxf5
34. Rxf5 Qd6 35. Rf2 Rd8 36. b4 Qe5 37. a4 Rd6 38. a5 bxa5 39. bxa5 Qa1 40. Qb5
Kf7 41. Qb8 Qe5 42. Kh2 Kg6 43. Qb4 Rd8 44. Rf5 Qa1 45. Rf2 Qe5 46. Qc4 Rb8 47.
Qe2 Rb4 48. Qg4+ Kf7 49. Qd7+ Kg6 50. Qf5+ Qxf5 51. exf5+ Kf7 52. Ra2 Rb7 53.
a6 Ra7 54. Kg2 Ke7 55. Kf3 Kd6 56. Ke4 h5 57. Kd4 Kd7 58. Kc5 1-0

[Event "Ivy League Chess Challenge"]
[Site "Toronto CAN"]
[Date "2018.11.10"]
[Round "4"]
[White "Yang, Darwin"]
[Black "Gusev, Nikita"]
[Result "1/2-1/2"]
[WhiteElo "2488"]
[BlackElo "2253"]
[PlyCount "48"]
[EventDate "2018.11.09"]
[EventType "team"]
[EventRounds "5"]
[EventCountry "CAN"]
[WhiteTeam "Harvard"]
[BlackTeam "Toronto-B"]

1. d4 Nf6 2. c4 g6 3. f3 c5 4. d5 d6 5. Nc3 Bg7 6. e4 O-O 7. Nge2 e6 8. Ng3
exd5 9. cxd5 Nbd7 10. Be2 h5 11. O-O h4 12. Nh1 Nh5 13. Nf2 a6 14. a4 b6 15.
Be3 Ra7 16. Qd2 Re8 17. Rfe1 f5 18. Rad1 Ne5 19. exf5 gxf5 20. Kh1 Kf8 21. Nh3
Ng6 22. Bd3 Bf6 23. Bf2 Be7 24. Qc2 Qd7 1/2-1/2

[Event "Ivy League Chess Challenge"]
[Site "Toronto CAN"]
[Date "2018.11.10"]
[Round "4"]
[White "Yu, Jonathan"]
[Black "Hu, Bryan"]
[Result "0-1"]
[WhiteElo "2057"]
[BlackElo "2240"]
[PlyCount "90"]
[EventDate "2018.11.09"]
[EventType "team"]
[EventRounds "5"]
[EventCountry "CAN"]
[WhiteTeam "Toronto-B"]
[BlackTeam "Harvard"]

1. e4 e5 2. Nf3 Nc6 3. Bc4 Nf6 4. d3 Be7 5. c3 O-O 6. Nbd2 d6 7. O-O Be6 8. Re1
Bxc4 9. Nxc4 Re8 10. Qb3 Rb8 11. a4 h6 12. a5 a6 13. Bd2 Bf8 14. Ne3 Ne7 15.
Rad1 c6 16. d4 exd4 17. Nc4 Ng6 18. e5 dxc3 19. exf6 cxd2 20. Rxe8 Qxe8 21.
fxg7 Kxg7 22. Rxd2 d5 23. Ne3 Qe4 24. h4 Kh7 25. Rd4 Qe6 26. Qd3 Kh8 27. Rg4
Ne5 28. Qd4 Re8 29. Rg3 Bg7 30. Kh1 Qf6 31. Nxe5 Rxe5 32. Qg4 h5 33. Qc8+ Kh7
34. Kg1 d4 35. Nf1 Rf5 36. Nd2 Qe6 37. Qxe6 fxe6 38. Nf3 Rxa5 39. Ng5+ Kh8 40.
Nxe6 Ra1+ 41. Kh2 Bf6 42. Rg6 d3 43. Rxf6 d2 44. Rf8+ Kh7 45. Rf7+ Kg6 0-1

[Event "Ivy League Chess Challenge"]
[Site "Toronto CAN"]
[Date "2018.11.11"]
[Round "5"]
[White "Bellissimo, Joseph"]
[Black "Chandran, Kapil"]
[Result "0-1"]
[WhiteElo "2121"]
[BlackElo "2393"]
[PlyCount "96"]
[EventDate "2018.11.09"]
[EventType "team"]
[EventRounds "5"]
[EventCountry "CAN"]
[WhiteTeam "Toronto-A"]
[BlackTeam "Princeton"]

1. e4 c5 2. Nf3 e6 3. c3 d5 4. e5 d4 5. Bd3 Nc6 6. O-O Bd7 7. Na3 Nge7 8. Re1
Ng6 9. g3 a6 10. Nc2 Qb6 11. b4 dxc3 12. dxc3 cxb4 13. cxb4 Qc7 14. Bxg6 hxg6
15. a3 Be7 16. Bf4 O-O 17. Rc1 Rfd8 18. Qe2 Be8 19. Ne3 b5 20. Nc2 Qb7 21. Qe4
a5 22. Bg5 axb4 23. Nxb4 Bxg5 24. Nxg5 Rd4 25. Qg2 Rc4 26. Qh3 Rxc1 27. Rxc1
Nd4 28. Qh7+ Kf8 29. Re1 Rxa3 30. Qh8+ Ke7 31. Qh4 Nf5 32. Nc6+ Kd7 33. Qb4 Ra4
34. Rd1+ Kxc6 35. Rd6+ Kc7 36. Qc5+ Bc6 37. Rd1 Rc4 38. Qf8 Kb6 39. Nxf7 Bh1
40. Qd8+ Ka6 41. Ra1+ Ra4 42. Rxa4+ bxa4 43. Qd3+ Ka7 44. f3 Bxf3 45. Nd6 Qd5
46. Nc8+ Kb7 47. Qb1+ Kxc8 48. Qc1+ Qc6 0-1

[Event "Ivy League Chess Challenge"]
[Site "Toronto CAN"]
[Date "2018.11.11"]
[Round "5"]
[White "Bora, Safal"]
[Black "Zhou, Qiyu"]
[Result "1/2-1/2"]
[WhiteElo "2392"]
[BlackElo "2207"]
[PlyCount "173"]
[EventDate "2018.11.09"]
[EventType "team"]
[EventRounds "5"]
[EventCountry "CAN"]
[WhiteTeam "Michigan"]
[BlackTeam "Toronto-B"]

1. Nf3 Nf6 2. g3 e6 3. Bg2 d5 4. O-O Be7 5. c4 O-O 6. d4 c6 7. Ne5 b6 8. Nc3
Bb7 9. Bf4 Nbd7 10. Rc1 Rc8 11. e4 dxc4 12. Nxc4 Ba6 13. b3 Nb8 14. Re1 b5 15.
Ne5 Qb6 16. Be3 Rfd8 17. Qc2 Qa5 18. Red1 Ba3 19. Rb1 h6 20. Nd3 Bb4 21. Nxb4
Qxb4 22. h3 Bb7 23. Rbc1 Nbd7 24. Ne2 Qa3 25. Nf4 a5 26. Nd3 Qe7 27. f4 Ne8 28.
a4 Nc7 29. Nc5 Nxc5 30. Qxc5 Qxc5 31. dxc5 Kf8 32. Rd6 Ke7 33. e5 b4 34. g4 Ne8
35. Bf2 f6 36. Kh2 Nxd6 37. cxd6+ Kd7 38. Bb6 Rf8 39. Kg3 g5 40. Bxa5 gxf4+ 41.
Kxf4 fxe5+ 42. Kxe5 Rf2 43. Be4 Rcf8 44. Bxb4 Re2 45. Bc5 Ba6 46. Rc3 Rf1 47.
Be3 c5 48. h4 Rfe1 49. Kf4 Kxd6 50. Bxc5+ Kd7 51. Bf3 Rf1 52. Kg3 Ree1 53. g5
hxg5 54. hxg5 Re5 55. Be3 Rf5 56. Be4 Re5 57. Bf3 Rf5 58. Bg2 Re1 59. Be4 Rxg5+
60. Bxg5 Rxe4 61. Be3 e5 62. Bc5 Re1 63. Kf2 Re2+ 64. Kf3 e4+ 65. Kf4 Bd3 66.
Ke5 Ra2 67. Kd4 Kc6 68. Ba3+ Kb7 69. Bc1 Rc2 70. b4 Rxc3 71. Kxc3 Kc6 72. Be3
Be2 73. Kd4 Bd3 74. Ke5 Be2 75. Ke6 Bd3 76. Ke7 Be2 77. Kd8 Ba6 78. Bf2 Bd3 79.
Kc8 Be2 80. Kb8 Bd3 81. Be3 Be2 82. Ka7 Bd3 83. Bc5 Bc4 84. Be3 Bd3 85. a5 Bb5
86. a6 Bc4 87. Bd4 1/2-1/2

[Event "Ivy League Chess Challenge"]
[Site "Toronto CAN"]
[Date "2018.11.11"]
[Round "5"]
[White "Gusev, Nikita"]
[Black "Shetty, Atulya"]
[Result "0-1"]
[WhiteElo "2253"]
[BlackElo "2395"]
[PlyCount "132"]
[EventDate "2018.11.09"]
[EventType "team"]
[EventRounds "5"]
[EventCountry "CAN"]
[WhiteTeam "Toronto-B"]
[BlackTeam "Michigan"]

1. Nf3 Nf6 2. c4 c6 3. Nc3 d5 4. e3 g6 5. d4 a6 6. Qc2 Bg7 7. Bd3 O-O 8. O-O
Bg4 9. Ne5 Be6 10. c5 Ng4 11. Nxg4 Bxg4 12. h3 Bc8 13. f4 Nd7 14. Bd2 b6 15.
cxb6 Nxb6 16. Ne2 Bd7 17. Ba5 Qb8 18. Qb3 Nc4 19. Bxc4 dxc4 20. Qxc4 Qxb2 21.
Rfb1 Qa3 22. Qc3 Qd6 23. Bb4 Qd5 24. Bc5 Rfb8 25. Rb4 Rxb4 26. Qxb4 Bf5 27. Nc3
Qe6 28. Re1 Bf6 29. Qb7 Rd8 30. Qxa6 g5 31. fxg5 Bxg5 32. Qe2 Qg6 33. Kh1 Bh4
34. Rd1 Rb8 35. e4 Bd7 36. Rb1 Rxb1+ 37. Nxb1 Qg3 38. Nd2 Qc3 39. Nf3 Bg3 40.
Qd1 Qc4 41. a4 f5 42. e5 Be6 43. Bxe7 Bd5 44. Qb1 Kg7 45. Qd1 Qa2 46. Qd2 Qb1+
47. Ng1 f4 48. a5 Kf7 49. Bh4 Qf1 50. Bxg3 fxg3 51. Qe2 Qf2 52. Qh5+ Kf8 53.
Qh6+ Ke8 54. Qh5+ Kd8 55. Qg5+ Kc8 56. Qg4+ Kb8 57. Qf3 Bxf3 58. Nxf3 Qf1+ 59.
Ng1 Qe1 60. h4 h5 61. a6 Ka7 62. d5 cxd5 63. e6 Kxa6 64. e7 Qxe7 65. Nf3 d4 66.
Ng1 d3 0-1

[Event "Ivy League Chess Challenge"]
[Site "Toronto CAN"]
[Date "2018.11.11"]
[Round "5"]
[White "Larson, Matthew"]
[Black "Yang, Darwin"]
[Result "1/2-1/2"]
[WhiteElo "2408"]
[BlackElo "2488"]
[PlyCount "92"]
[EventDate "2018.11.09"]
[EventType "team"]
[EventRounds "5"]
[EventCountry "CAN"]
[WhiteTeam "Yale"]
[BlackTeam "Harvard"]

1. d4 Nf6 2. c4 e6 3. g3 d5 4. Nf3 Bb4+ 5. Bd2 Be7 6. Bg2 O-O 7. O-O c6 8. Na3
Nbd7 9. Rc1 Ne4 10. Be3 f5 11. Qb3 Qa5 12. Nb1 Nd6 13. Nbd2 h6 14. Ne1 Nf6 15.
f3 b5 16. cxd5 cxd5 17. Nb1 Nc4 18. Bf2 Nd7 19. Nd3 Bg5 20. f4 Be7 21. Rfd1 Bb7
22. Nc3 Bc6 23. Qc2 b4 24. Nb1 Qxa2 25. b3 Qxc2 26. Rxc2 Na5 27. Nd2 Bb5 28.
Rdc1 Bd6 29. Bf3 a6 30. Nc5 Bxc5 31. dxc5 Rfe8 32. g4 g6 33. Bh4 Kg7 34. gxf5
gxf5 35. Kf2 Nf6 36. Rg1+ Kf7 37. h3 Rab8 38. Rcc1 Nc6 39. e3 Ne7 40. Bxf6 Kxf6
41. Bh5 Rg8 42. Rxg8 Rxg8 43. Nf3 Nc6 44. Nd4 Nxd4 45. exd4 a5 46. Ra1 Ra8
1/2-1/2

[Event "Ivy League Chess Challenge"]
[Site "Toronto CAN"]
[Date "2018.11.11"]
[Round "5"]
[White "Lei, Sean"]
[Black "Balleisen, Aaron"]
[Result "1/2-1/2"]
[WhiteElo "1876"]
[BlackElo "2195"]
[PlyCount "35"]
[EventDate "2018.11.09"]
[EventType "team"]
[EventRounds "5"]
[EventCountry "CAN"]
[WhiteTeam "Toronto-A"]
[BlackTeam "Princeton"]

1. e4 c5 2. Nf3 Nc6 3. Bb5 g6 4. Bxc6 bxc6 5. O-O Bg7 6. Re1 e5 7. c3 Ne7 8. d4
cxd4 9. cxd4 exd4 10. Nxd4 Qb6 11. Nb3 Qc7 12. Nc3 O-O 13. Bg5 f6 14. Be3 Rd8
15. Rc1 Ba6 16. Nd5 Nxd5 17. exd5 Qd6 18. dxc6 1/2-1/2